| 000 | 01170nam0a22002531 4500 | ||
|---|---|---|---|
| 001 | rc\3460696 | ||
| 005 | 20260407140440.0 | ||
| 021 |
_aRU _b[71-72042] |
||
| 035 | _a(NLR Aleph) 007895661 | ||
| 090 |
_a8005811 _c8005811 |
||
| 100 | _a20130115d1971 |||y0rusy50 ca | ||
| 101 | 0 | _arus | |
| 102 | _aRU | ||
| 105 | _ay z ||||| | ||
| 200 | 1 |
_aОрганизация внутризаводского хозяйственного расчета на судостроительных предприятиях _e(Основные положения) _fЦентр. науч.-исслед. ин-т информации и техн.-экон. исследований "ЦНИИТЭИС" |
|
| 210 |
_a[Москва] _cБ. и. _d1971 |
||
| 215 |
_a171 с. _d21 |
||
| 606 |
_aСудостроительные заводы _xХозяйственный расчет _2psbo |
||
| 712 | 0 | 2 |
_aЦНИИ информации и технико-экономических исследований в судостроении _cЛенинград _3RU\NLR\AUTH\8810007049 _9511635 |
| 801 | 0 |
_aRU _bNLR _gpsbo |
|
| 801 | 1 |
_aRU _bELAR _2rusmarc |
|
| 852 |
_aNLR _j71-3/6439 |
||
| 942 | _cBOOK | ||
| 980 | _aNB | ||